00639 2200205 4500001002100000005001500021035002000036007000300056008004100059020002200100082001100122084001700133100002400150245012500174250001100299260003600310300003700346650002100383504002900404INLIS00000000000158620180215122313 a0010-0218000181ta180215 g 0 ind  a978-602-262-013-6 a307.72 a307.72 RAH p0 aRAHARDJO Adisasmita1 aPembangunan Pedesaan :bPendekatan Partisipati, Tipologi, Strategi, Konsep Desa Pusat Pertumbuhan /cRahardjo Adisasmita acet. 1 aYogyakarta :bGraha Ilmu,c2013 a174 Hlm :b.ilus ;c21 x 25,5 cm aPEMBANGUNAN DESA aBibliografi, 171-172 hlm